Liste des noms de Pokémon finissant par C - Statistiques

Statistiques générales
  • Ce quiz a été pris 79 fois
  • Le résultat moyen est 8 sur 21
Statistiques - réponses
Pokémon % Correct
Clic
86%
Cliticlic
83%
Tic
79%
Caratroc
55%
Machoc
45%
Séléroc
45%
Solaroc
45%
Lougaroc
38%
Rattatac
38%
Togetic
31%
Rapasdepic
28%
Quartermac
24%
Rhinastoc
24%
Golemastoc
21%
Piafabec
21%
Archéduc
17%
Gorythmic
17%
Héliatronc
17%
Feunnec
14%
Lovdisc
14%
Majaspic
10%
Aucun quiz correspondant
Distribution des résultats
% des personnes avec chaque résultat
Percentile par nombre de réponses
Votre historique - résultats
Vous n’avez pas pris ce quiz